| 000 | 00382nam a22001097a 4500 | ||
|---|---|---|---|
| 008 | 230612b xxu||||| |||| 00| 0 eng d | ||
| 082 |
_a354.676 _bGOK |
||
| 245 |
_a2010/2011 Estimates of Recurrent Expenditure _bof the Government of Kenya for the year Ending 30th June 2011 _cGovernment of Kenya |
||
| 260 |
_aKenya _bGovernment of Kenya _cJune 2010 |
||
| 300 | _a1095 p | ||
| 942 |
_2ddc _cBK |
||
| 999 |
_c1021 _d1021 |
||